Descendants Quiz - Statistics

General Stats
  • This quiz has been taken 438 times
  • The average score is 4 of 6
Answer Stats
Hint Answer % Correct
Who plays Mal? Dove Cameron
99%
Who does China Anne McClain play? Uma
86%
How many Villain kids are introduced in Descendants 2 4
85%
How many songs does the line What’s My Name appear in? 2
82%
What is the opening song for D2? Ways to be Wicked
73%
Who plays Dizzy? Anna Carthal
7%
No matching quizzes found
Score Distribution
Percent of People with Each Score
Percentile by Number Answered
Your Score History
You have not taken this quiz